Formula one drivers line-up 1985 - Statistics

General Stats
  • This quiz has been taken 166 times
  • The average score is 27 of 40
Answer Stats
Constructor Rounds Driver Nationality % Correct
McLaren All Alain Prost France
93%
McLaren 1-13, 15-16 Niki Lauda Austria
92%
Tyrrell 1 Stefan Johansson Sweden
81%
Ferrari 2-16 Stefan Johansson Sweden
81%
Lotus All Ayrton Senna Brazil
80%
McLaren 14 John Watson UK
79%
Williams All Keke Rosberg Finland
79%
Tyrrell All Martin Brundle UK
77%
Brabham All Nelson Piquet Brazil
77%
Williams All Nigel Mansell UK
76%
Arrows All Gerhard Berger Austria
73%
Arrows All Thierry Boutsen Belgium
73%
Ferrari All Michele Alboreto Italy
71%
Lola 12, 14-16 Alan Jones Australia
69%
Ligier 1-14, 16 Jacques Laffite France
69%
Ferrari 1 René Arnoux France
69%
Lotus All Elio de Angelis Italy
67%
Alfa Romeo All Riccardo Patrese Italy
67%
Ligier 1-11 Andrea de Cesaris Italy
65%
Alfa Romeo All Eddie Cheever Usa
65%
Zakspeed 2-4, 7-11 Jonathan Palmer UK
64%
Renault 1-14, 16 Partick Tambay France
64%
Tyrrell 2-11 Stefan Bellof Germany
64%
Renault 1-14, 16 Derek Warwick UK
63%
RAM 1-9 Manfred Winkelhock Germany
63%
Tyrrell 14, 16 Ivan Capelli Italy
61%
Brabham 5-16 Marc Surer Switzerland
61%
Tyrrell 15 Philippe Streiff France
61%
Ligier 12-14, 16 Philippe Streiff France
61%
Toleman 10-16 Piercarlo Ghinzani Italy
59%
Osella 1-8 Piercarlo Ghinzani Italy
59%
Minardi 1-16 Pierluigi Martini Italy
59%
Zakspeed 13-14 Christian Danner Germany
56%
Brabham 1-4 François Hesnault France
56%
Renault 9 François Hesnault France
56%
Osella 9-16 Huub Rothengatter Netherlands
56%
Toleman 4-16 Teo Fabi Italy
55%
RAM 1-14 Philippe Alliot France
53%
Spirit 1-3 Mauro Baldi Italy
51%
RAM 10-12 Kenny Acheson UK
44%
No matching quizzes found
Score Distribution
Percent of People with Each Score
Percentile by Number Answered
Your Score History
You have not taken this quiz